5HLuxD.jpg

KING HENRY VIII SENIOR AND PRIMARY SCHOOL LIBRARY OPAC

The housemaid/ (Record no. 5390)

000 -LEADER
fixed length control field 02219nam a2200433 i 4500
001 - CONTROL NUMBER
control field ocn1378357062
003 - CONTROL NUMBER IDENTIFIER
control field OSt
005 - DATE AND TIME OF LATEST TRANSACTION
control field 20250910084234.0
008 - FIXED-LENGTH DATA ELEMENTS--GENERAL INFORMATION
fixed length control field 241119t20232022nyu ed 000 1 eng d
020 ## - INTERNATIONAL STANDARD BOOK NUMBER
International Standard Book Number 9781408728512
040 ## - CATALOGING SOURCE
Original cataloging agency YDX
Language of cataloging eng
Description conventions rda
Transcribing agency YDX
Modifying agency OCLCO
-- ZGX
-- GZF
-- CaOL
-- KH8
Description conventions rda
082 ## - DEWEY DECIMAL CLASSIFICATION NUMBER
Classification number FIC MCF
100 1# - MAIN ENTRY--PERSONAL NAME
Personal name McFadden, Freida,
Relator term author.
245 14 - TITLE STATEMENT
Title The housemaid/
Statement of responsibility, etc. Freida McFadden.
264 #1 - PRODUCTION, PUBLICATION, DISTRIBUTION, MANUFACTURE, AND COPYRIGHT NOTICE
Place of production, publication, distribution, manufacture New York :
Name of producer, publisher, distributor, manufacturer Grand Central,
Date of production, publication, distribution, manufacture, or copyright notice 2023.
264 #4 - PRODUCTION, PUBLICATION, DISTRIBUTION, MANUFACTURE, AND COPYRIGHT NOTICE
Date of production, publication, distribution, manufacture, or copyright notice ©2022.
300 ## - PHYSICAL DESCRIPTION
Extent 328 pages ;
Dimensions 20 cm.
336 ## - CONTENT TYPE
Content type term text
Source rdacontent.
337 ## - MEDIA TYPE
Media type term unmediated
Source rdamedia.
338 ## - CARRIER TYPE
Carrier type term volume
Source rdacarrier.
340 ## - PHYSICAL MEDIUM
Font size Large print
Source rdafs.
520 ## - SUMMARY, ETC.
Summary, etc. Every day I clean the Winchesters' beautiful house top to bottom. I collect their daughter from school. And I cook a delicious meal for the whole family before heading up to eat alone in my tiny room on the top floor. I try to ignore how Nina makes a mess just to watch me clean it up. How she tells strange lies about her own daughter. And how her husband Andrew seems more broken every day. But as I look into Andrew's handsome brown eyes, so full of pain, it's hard not to imagine what it would be like to live Nina's life. I only try on one of Nina's pristine white dresses once. Just to see what it's like. But soon she finds out - and by the time I realize my attic bedroom door only locks from the outside, it's far too late. But I reassure myself that the Winchesters don't know who I really am. And they don't know what I'm capable of.
586 ## - AWARDS NOTE
Awards note 2023 ITW Thriller Award for Best Paperback Original Novel.
650 #0 - SUBJECT ADDED ENTRY--TOPICAL TERM
Topical term or geographic name entry element Women household employees
Form subdivision Fiction.
650 #0 - SUBJECT ADDED ENTRY--TOPICAL TERM
Topical term or geographic name entry element Rich people
Form subdivision Fiction.
650 #0 - SUBJECT ADDED ENTRY--TOPICAL TERM
Topical term or geographic name entry element Families
Form subdivision Fiction.
650 #0 - SUBJECT ADDED ENTRY--TOPICAL TERM
Topical term or geographic name entry element Spouses
Form subdivision Fiction.
650 #0 - SUBJECT ADDED ENTRY--TOPICAL TERM
Topical term or geographic name entry element Children
Form subdivision Fiction.
650 #0 - SUBJECT ADDED ENTRY--TOPICAL TERM
Topical term or geographic name entry element Family secrets
Form subdivision Fiction.
650 #7 - SUBJECT ADDED ENTRY--TOPICAL TERM
Topical term or geographic name entry element Psychological fiction.
Source of heading or term genre.
650 #7 - SUBJECT ADDED ENTRY--TOPICAL TERM
Topical term or geographic name entry element Thrillers (Fiction)
Source of heading or term genre.
650 #7 - SUBJECT ADDED ENTRY--TOPICAL TERM
Topical term or geographic name entry element Domestic fiction.
Source of heading or term genre.
650 #7 - SUBJECT ADDED ENTRY--TOPICAL TERM
Topical term or geographic name entry element Psychological fiction.
Source of heading or term lcgft.
-- genre.
650 #7 - SUBJECT ADDED ENTRY--TOPICAL TERM
Topical term or geographic name entry element Detective and mystery fiction.
Source of heading or term lcgft.
-- genre.
651 #0 - SUBJECT ADDED ENTRY--GEOGRAPHIC NAME
Geographic name Long Island (N.Y.)
Form subdivision Fiction.
651 #0 - SUBJECT ADDED ENTRY--GEOGRAPHIC NAME
Geographic name New York (State)
Form subdivision Fiction.
830 #0 - SERIES ADDED ENTRY--UNIFORM TITLE
Uniform title Housemaid series ;
Volume/sequential designation 1.
942 ## - ADDED ENTRY ELEMENTS (KOHA)
Source of classification or shelving scheme
Koha item type Books - Fiction
Holdings
Withdrawn status Lost status Source of classification or shelving scheme Damaged status Not for loan Collection code Permanent Location Current Location Shelving location Date acquired Total Checkouts Full call number Barcode Date due Date last seen Date last checked out Price effective from Koha item type
          Fiction KH8 Senior School Library KH8 Senior School Library Fiction 2025-09-10 2 FIC MCF 3KHSL000102413 2026-02-13 2026-01-28 2026-01-28 2025-09-10 Books - Fiction

Powered By KH8 IT Dept